000 00905 a2200229 4500
001 41052
005 20260407155704.0
008 260407a2007 arg spa d
003 AR-UNSa-BCEJYS
040 _aAR-UNSa-BCEJYS
_bspa
_cAR-UNSa-BCEJYS
080 _a347.2
_xDerechos reales. Cosas. Bienes muebles
245 1 0 _aSistema de derechos reales
_pgarantías reales
020 _a978-950-894-667-6
264 1 _aBuenos Aires :
_bAD-HOC
_c2007
300 _a223 p.
_c20 cm.
505 _a1. Los derechos reales de garantía: nociones comunes e introductorias - 2. La hipoteca - 3. La hipoteca (Cont.) - 4. La prenda ordinaria - 5. La prenda con registro - 6. La anticresis
041 _aspa
942 _cBK
590 _aniveau_biblio:m niveau_hierar:0
100 1 _aReina Tartiére, Gabriel de
856 4 1 _uhttps://biblioeco.unsa.edu.ar/pmb/images/libros/L126346.jpg
_yImagen de portada
_qimage/jpeg
999 _c3342
_d3342